000 00573nam a2200193Ia 4500
005 20250508160818.0
008 008 250505s9999 xx 000 0 eng d
037 _aTextual
040 _aFEDL
_beng
_cFEDL
041 _aeng
_2eng
084 _a312.954, MIT
_qFEDL
100 _aMitra Asok
245 0 _aFunctional classification of India's towns
245 0 _cAll India Seminar on Population 12-14 March 1964
260 _aDelhi, India
_bInstitute of Economic Growth
300 _a76p.
942 _cTEXL
_h312.954, MIT
999 _c1366759
_d1366759